Boletín del Sindicato Nacional del Olivo (Record no. 196223)

MARC details
000 -LEADER
campo de control de longitud fija 01824nas a2200481 i 4500
001 - NÚMERO DE CONTROL
campo de control 196223
003 - IDENTIFICADOR DE NÚMERO DE CONTROL
campo de control ES-MaACL
005 - FECHA Y HORA DE LA ÚLTIMA TRANSACCIÓN
campo de control 20250731030203.0
007 - CAMPO FIJO DE DESCRIPCIÓN FÍSICA--INFORMACIÓN GENERAL
campo de control de longitud fija ta
008 - DATOS DE LONGITUD FIJA--INFORMACIÓN GENERAL
campo de control de longitud fija 240819d1940194usp mr p 0uuub0spa
016 7# - NÚMERO DE CONTROL DE UNA AGENCIA BIBLIOGRÁFICA NACIONAL
Número de control del registro biseBNE19950030238
Fuente SpMaBN
Número de control cancelado/no válido REB940000813
035 ## - NÚMERO DE CONTROL DEL SISTEMA
Número de control de sistema (OCoLC)733167403
035 ## - NÚMERO DE CONTROL DEL SISTEMA
Número de control de sistema (SpMaBN)bise0000036096
035 ## - NÚMERO DE CONTROL DEL SISTEMA
Número de control de sistema 991029650959708606
037 ## - FUENTE DE ADQUISICIÓN
Fuente del número de adquisición Alcalá, 81; tf. 55340
040 ## - FUENTE DE CATALOGACIÓN
Centro catalogador/agencia de origen SpMaBN
Lengua de catalogación spa
Centro/agencia transcriptor SIC
Centro/agencia modificador ES-MaACL
080 ## - NÚMERO DE LA CLASIFICACIÓN DECIMAL UNIVERSAL
Número de la Clasificación Decimal Universal 634.63
080 ## - NÚMERO DE LA CLASIFICACIÓN DECIMAL UNIVERSAL
Número de la Clasificación Decimal Universal 634.63:331.105.44(460.27 M.)
245 00 - MENCIÓN DEL TÍTULO
Título Boletín del Sindicato Nacional del Olivo
246 3# - FORMA VARIANTE DEL TITULO
Título propio/Titulo breve Boletín provisional del Sindicato Nacional del Olivo
246 3# - FORMA VARIANTE DEL TITULO
Título propio/Titulo breve Boletín del Sindicato Vertical del Olivo
260 ## - PUBLICACIÓN, DISTRIBUCIÓN, ETC.
Lugar de publicación, distribución, etc. [Madrid] :
Nombre del editor, distribuidor, etc. Sindicato Nacional del Olivo,
Fecha de publicación, distribución, etc. 1940-
300 ## - DESCRIPCIÓN FÍSICA
Extensión v. ;
Dimensiones 34 cm
310 ## - PERIODICIDAD ACTUAL
Periodicidad actual Mensual
336 ## - TIPO DE CONTENIDO
Fuente rdacontent
Término de tipo de contenido texto
337 ## - TIPO DE MEDIO
Fuente rdamedia
Nombre/término del tipo de medio sin mediación
338 ## - TIPO DE SOPORTE
Fuente rdacarrier
Nombre/término del tipo de soporte volumen
362 0# - FECHAS DE PUBLICACIÓN Y/O DESIGNACIÓN SECUENCIAL
Fecha de publicación y/o designación secuencial Año 1, n. 1 (21 nov. 1940)-año 2, n. 4 (8 en. 1941); [n.s.], año 1, n. 1 (en. 1941)-
500 ## - NOTA GENERAL
Nota general Los cuatro primeros números publicados con el título: Boletín provisional del Sindicato Nacional del Olivo
500 ## - NOTA GENERAL
Nota general Es fusión de : Boletín del Sindicato Vertical del Olivo y Siembra. 1945.
500 ## - NOTA GENERAL
Nota general En oct. de 1944 recupera su tít. primitivo.
594 ## - Nota al título y mención de responsabilidad
Nota al título y mención de responsabilidad Título tomado de la cubierta
610 27 - PUNTO DE ACCESO ADICIONAL DE MATERIA--NOMBRE DE ENTIDAD CORPORATIVA
Nombre de entidad corporativa o nombre de jurisdicción como elemento de entrada Sindicato Nacional del Olivo (España)
Fuente del encabezamiento o término embne
9 (RLIN) 238525
650 #7 - PUNTO DE ACCESO ADICIONAL DE MATERIA--TÉRMINO DE MATERIA
Término de materia o nombre geográfico como elemento de entrada Olivicultura
9 (RLIN) 148202
650 #7 - PUNTO DE ACCESO ADICIONAL DE MATERIA--TÉRMINO DE MATERIA
Término de materia o nombre geográfico como elemento de entrada Agricultura
Fuente del encabezamiento o término embne
9 (RLIN) 9670
655 #7 - TERMINO DE INDIZACIÓN--GENERO/FORMA
9 (RLIN) 226866
Datos o término principal de género/forma Revistas
710 2# - ENTRADA AGREGADA--NOMBRE DE ENTIDAD CORPORATIVA
Nombre de entidad corporativa o nombre de jurisdicción como elemento de entrada Sindicato Nacional del Olivo (España)
9 (RLIN) 238525
852 ## - LOCALIZACIÓN
Ubicación ES-MaACL
Número de control de estantería Hem-1815
Encuadernación Olim: K-12
866 #0 - MENCIÓN TEXTUAL DE FONDOS--UNIDAD BIBLIOGRÁFICA BÁSICA
Fondos 1941(1942f.sep-oct)1943-1944.
942 ## - ELEMENTOS DE ENTRADA SECUNDARIOS (KOHA)
Fuente del sistema de clasificación o colocación Clasificación decimal universal
Suprimir en OPAC No
Tipo de ítem Koha Revista
Holdings
Estatus retirado Estado de pérdida Estado de daño No para préstamo Colección Biblioteca de origen Biblioteca actual Ubicación en estantería Fecha de adquisición Fuente de adquisición Total de préstamos Signatura topográfica completa Código de barras Visto por última vez Precio de reemplazo Tipo de ítem Koha
        Periódicos y Revistas Biblioteca del Ateneo de Madrid Biblioteca del Ateneo de Madrid Hemeroteca 17/01/2008     Hem-1815 1000532 23/02/2023 23/02/2023 Revista